000
00312nam a2200133Ia 4500
008
220204s9999 xx 000 0 und d
082
_a
579
_b
CAR
100
_a
CARPENTER, Philip L
245
0
_a
Microbiology
250
_a
Ed.4
260
_a
Philadelphia
_b
Saunders
_c
1977
650
_a
Microbiology
942
_c
BK
999
_c
27490
_d
27490